| 000 | 00574nam a2200181Ia 4500 | ||
|---|---|---|---|
| 005 | 20251211114933.0 | ||
| 008 | 231207s9999 xx 000 0 und d | ||
| 020 | _a9780941188371 | ||
| 040 | _cPK-LaNCA | ||
| 082 |
_a778.53 _bOST |
||
| 100 | _aOsteen, SAm | ||
| 245 | 0 | _aCut to the chas : forty five years of editing America's favorite movies | |
| 260 |
_bMichael Wiese Publishers _aCalifornia _c2001 |
||
| 300 |
_axv, 249p _bill |
||
| 546 | _aEnglish | ||
| 650 | _aO'Steen, Sam, 1923--Interviews. Motion picture editors--United States--Interviews. FTV. | ||
| 942 | _cF&TV | ||
| 999 |
_c19344 _d19344 |
||